000 00749nam a22002537a 4500
005 20170124105947.0
010 _a978525
020 _c00.00
035 _a978525
037 _bCen Lib/Ret
040 _aDPL
_bEN
082 _a270.1
_bMAU
100 _aMauddi, Sayyid Abul Ala
_912643
245 _aTowars understanding islam /
_cby Sayyid Abul Ala Mauddi ; translated by Khurshid Ahmad
250 _a14th ed
260 _aPakistan
_bIdara Tarjuman - Ul-Quran
_c1974
270 _aIchhra-Lahore
_bLahore
300 _axi,179p.
_c17cm(Hb)
500 _aIncludes index
650 _aIslam
_95289
650 _aIslam--Essence, genius, nature
_912644
700 _aAhmad, Khurshid
_912645
942 _2ddc
_cEN
_h270.1
_mMAU
999 _c124999
_d124999